| 000 -LEADER |
| fixed length control field |
02110nam a2200277 a 4500 |
| 001 - CONTROL NUMBER |
| control field |
ASIN0745660177 |
| 005 - DATE AND TIME OF LATEST TRANSACTION |
| control field |
20170105102908.0 |
| 008 - FIXED-LENGTH DATA ELEMENTS--GENERAL INFORMATION |
| fixed length control field |
131025s2012 xxu eng d |
| 020 ## - INTERNATIONAL STANDARD BOOK NUMBER |
| International Standard Book Number |
0745660177 (paperback) |
| Terms of availability |
$24.95 |
| 020 ## - INTERNATIONAL STANDARD BOOK NUMBER |
| International Standard Book Number |
9780745660172 (paperback) |
| 040 ## - CATALOGING SOURCE |
| Original cataloging agency |
0 |
| 050 04 - LIBRARY OF CONGRESS CALL NUMBER |
| Classification number |
DS134 |
| 082 04 - DEWEY DECIMAL CLASSIFICATION NUMBER |
| Classification number |
909.04924 |
| 100 1# - MAIN ENTRY--PERSONAL NAME |
| Personal name |
Zeitlin, Irving M. |
| 245 10 - TITLE STATEMENT |
| Title |
Jews : |
| Remainder of title |
the making of a diaspora people / |
| Statement of responsibility, etc. |
Irving M. Zeitlin. |
| 250 ## - EDITION STATEMENT |
| Edition statement |
1st ed. |
| 260 ## - PUBLICATION, DISTRIBUTION, ETC. |
| Place of publication, distribution, etc. |
[S.l.] : |
| Name of publisher, distributor, etc. |
Polity, |
| Date of publication, distribution, etc. |
2012. |
| 300 ## - PHYSICAL DESCRIPTION |
| Extent |
300 p. ; |
| Dimensions |
23 cm. |
| 520 ## - SUMMARY, ETC. |
| Summary, etc. |
This book is a comprehensive account of how the Jews became a diaspora people. The term 'diaspora' was first applied exclusively to the early history of the Jews as they began settling in scattered colonies outside of Israel-Judea during the time of the Babylonian exile; it has come to express the characteristic uniqueness of the Jewish historical experience. Zeitlin retraces the history of the Jewish diaspora from the ancient world to the present, beginning with expulsion from their ancestral homeland and concluding with the Holocaust and the Israeli-Palestinian conflict. In mapping this process, Zeitlin argues that the Jews' religious self-understanding was crucial in enabling them to cope with the serious and recurring challenges they have had to face throughout their history. He analyses the varied reactions the Jews encountered from their so-called 'host peoples', paying special attention to the attitudes of famous thinkers such as Luther, Hegel, Nietzsche, Wagner, Montesquieu, Voltaire, Rousseau, the Left Hegelians, Marx and others, who didn't shy away from making explicit their opinions of the Jews. This book will be of interest to students and scholars of Jewish studies, diaspora studies, history and religion, as well as to general readers keen to learn more about the history of the Jewish experience. |
| 650 #0 - SUBJECT ADDED ENTRY--TOPICAL TERM |
| Topical term or geographic name entry element |
Jewish diaspora |
| 650 #0 - SUBJECT ADDED ENTRY--TOPICAL TERM |
| Topical term or geographic name entry element |
Jews |
| 650 #0 - SUBJECT ADDED ENTRY--TOPICAL TERM |
| Topical term or geographic name entry element |
Jews--Social conditions |
| 650 #0 - SUBJECT ADDED ENTRY--TOPICAL TERM |
| Topical term or geographic name entry element |
Judaism |
| 856 40 - ELECTRONIC LOCATION AND ACCESS |
| Materials specified |
Amazon.com |
| Uniform Resource Identifier |
<a href="http://www.amazon.com/exec/obidos/ASIN/0745660177/chopaconline-20">http://www.amazon.com/exec/obidos/ASIN/0745660177/chopaconline-20</a> |
| 942 ## - ADDED ENTRY ELEMENTS (KOHA) |
| Source of classification or shelving scheme |
|
| Koha item type |
Book |